The seven faith tribes : (Record no. 10777)
[ view plain ]
| 000 -LEADER | |
|---|---|
| fixed length control field | 01627cam a2200289 a 4500 |
| 001 - CONTROL NUMBER | |
| control field | 15529449 |
| 003 - CONTROL NUMBER IDENTIFIER | |
| control field | OSt |
| 005 - DATE AND TIME OF LATEST TRANSACTION | |
| control field | 20210304143553.0 |
| 008 - FIXED-LENGTH DATA ELEMENTS--GENERAL INFORMATION | |
| fixed length control field | 081120s2009 ilua b 000 0 eng |
| 010 ## - LIBRARY OF CONGRESS CONTROL NUMBER | |
| LC control number | 2008050288 |
| 020 ## - INTERNATIONAL STANDARD BOOK NUMBER | |
| International Standard Book Number | 9781414324043 (hc) |
| 040 ## - CATALOGING SOURCE | |
| Original cataloging agency | DLC |
| Transcribing agency | DLC |
| Modifying agency | DLC |
| 043 ## - GEOGRAPHIC AREA CODE | |
| Geographic area code | n-us--- |
| 050 00 - LIBRARY OF CONGRESS CALL NUMBER | |
| Classification number | BL2525 |
| Item number | B259S |
| 082 00 - DEWEY DECIMAL CLASSIFICATION NUMBER | |
| Classification number | 200.973/090511 |
| Edition number | 22 |
| Item number | B259S |
| 100 1# - MAIN ENTRY--PERSONAL NAME | |
| Personal name | Barna, George. |
| 245 14 - TITLE STATEMENT | |
| Title | The seven faith tribes : |
| Remainder of title | who they are, what they believe, and why they matter / |
| Statement of responsibility, etc. | George Barna. |
| 260 ## - PUBLICATION, DISTRIBUTION, ETC. | |
| Place of publication, distribution, etc. | Carol Stream, Ill. : |
| Name of publisher, distributor, etc. | BarnaBooks/Tyndale House Publishers, |
| Date of publication, distribution, etc. | c2009. |
| 300 ## - PHYSICAL DESCRIPTION | |
| Extent | xiv, 235 p. : |
| Other physical details | ill. ; |
| Dimensions | 24 cm. |
| 504 ## - BIBLIOGRAPHY, ETC. NOTE | |
| Bibliography, etc. note | Includes bibliographical references (p. 229-233). |
| 505 0# - FORMATTED CONTENTS NOTE | |
| Formatted contents note | America is on the path to self-destruction -- Casual Christians -- Captive Christians -- American Jews -- The Mormon expansion -- Pantheists: people of different gods -- Muslims in America -- Spiritual skeptics -- Calibrating our values and worldview -- Empowering values-driven leaders -- Recommissioning the media -- Stepping up the family's contribution -- Faith tribes must pull their weight -- A vision for restoring America -- A summary of common worldviews held by Americans -- Selected survey data comparisons across tribes -- America's shared values -- Description of the research methods. |
| 650 #0 - SUBJECT ADDED ENTRY--TOPICAL TERM | |
| Topical term or geographic name entry element | Values |
| Geographic subdivision | United States. |
| 651 #0 - SUBJECT ADDED ENTRY--GEOGRAPHIC NAME | |
| Geographic name | United States |
| General subdivision | Religion |
| Chronological subdivision | 1960- |
| 906 ## - LOCAL DATA ELEMENT F, LDF (RLIN) | |
| a | 7 |
| b | cbc |
| c | orignew |
| d | 1 |
| e | ecip |
| f | 20 |
| g | y-gencatlg |
| 942 ## - ADDED ENTRY ELEMENTS (KOHA) | |
| Source of classification or shelving scheme | Dewey Decimal Classification |
| Koha item type | Books |
| Withdrawn status | Lost status | Source of classification or shelving scheme | Damaged status | Not for loan | Collection code | Home library | Current library | Shelving location | Date acquired | Total Checkouts | Full call number | Barcode | Date last seen | Price effective from | Koha item type |
|---|---|---|---|---|---|---|---|---|---|---|---|---|---|---|---|
| Dewey Decimal Classification | Non-fiction | Harvest Mission College | Harvest Mission College | General Stacks | 08.06.2022 | 200.973 B259S | 012581 | 08.06.2022 | 08.06.2022 | Books |
